Colocación del concreto por métodos de bombeo

Saved in:
Bibliografiske detaljer
Institution som forfatter: Instituto Mexicano del Cemento y del Concreto (Author)
Format: Bog
Sprog:spansk
Udgivet: Ciudad de México IMCYC 1974
Serier:Nueva Serie IMCYC, 1
Fag:
Tags: Tilføj Tag
Ingen Tags, Vær først til at tagge denne postø!

MARC

LEADER 00000nam a2200000 a 4500
001 UCU7321
003 CL-VaPUC
008 960628e19740000MX |||||||||||||||||spa|d
082 0 4 |a 624.183  |b INS  |2 21 
110 2 |a Instituto Mexicano del Cemento y del Concreto  |e author  |9 366098 
245 1 0 |a Colocación del concreto por métodos de bombeo 
300 |a 70 p 
942 |c BK 
945 |d 19960628 00:00:00  |a paguirre 
260 |a Ciudad de México  |b IMCYC  |c 1974 
650 0 |a Hormigones  |9 262546 
650 7 |a HORMIGON ARMADO  |2 CL-VaPUC  |9 366099 
650 0 |a Elementos estructurales  |9 350100 
650 0 |a Materiales de construcción  |9 260197 
650 0 |a Tuberías  |9 259420 
583 |a last modification  |c 19960628 00:00:00  |k Rodrigo Vera 
490 0 |a Nueva Serie IMCYC, 1 
999 |c 249984  |d 249982 
952 |0 0  |1 0  |4 0  |6 624_183000000000000_INS_1974  |7 0  |8 A  |9 267606  |a BIBING  |b BIBING  |d 2019-11-19  |i 1698567  |o 624.183 INS 1974  |p 1698567  |r 2025-01-20  |w 2019-11-19  |y BK  |k CCL